00581nam a2200241Ia 4500008004000000082001500040100000600055245009000061260004100151300001200192440000600204650001400210650000800224650001400232650001200246650000700258650001000265650001300275650001600288650001700304650000900321650000900330210210b1988 xxu||||| |||| 00| 0 eng d a591.5 ILLU a- aILLUSTRATED ENCYCLOPEDIA of wildlife. 52V: V5: mammals.bRodents Mouse Cavy Ungulates aLondonbOrbis Publishing Ltd.,c1988 a241-300 a5 awildlife. aV5: aUngulates aRodents aof aMouse amammals. aILLUSTRATED aENCYCLOPEDIA aCavy a52V: